[Event "ch-FRA Blitz Online Qual"]
[Site "Europe-Chess INT"]
[Date "2020.05.16"]
[Round "11"]
[White "Mekhane, Adam"]
[Black "Le Goff, Damien"]
[Result "0-1"]
[BlackTitle "FM"]
[WhiteElo "2013"]
[BlackElo "2281"]
[WhiteFideId "36050601"]
[BlackFideId "634808"]
[EventDate "2020.05.16"]

1. e4 e6 2. d4 d5 3. Nd2 Nc6 4. Ngf3 Nf6 5. e5 Nd7 6. Bb5 a6 7. Bxc6 bxc6 8. Nb3
a5 9. Be3 a4 10. Nc5 Nxc5 11. dxc5 Ba6 12. b4 axb3 13. axb3 Be7 14. Nd4 Qd7 15.
b4 O-O 16. c3 Bc4 17. Ne2 f6 18. f4 fxe5 19. fxe5 Rxa1 20. Qxa1 Qe8 21. Nf4 Bg5
22. Qc1 Bxf4 23. Bxf4 Qh5 24. Qe3 Rxf4 25. Kd2 Re4 26. Qg3 Qxe5 27. Qg5 Qxg5+ 0-1

[Event "ch-FRA Blitz Online Qual"]
[Site "Europe-Chess INT"]
[Date "2020.05.16"]
[Round "11"]
[White "Profili, Emilio"]
[Black "Guadalpi, David"]
[Result "1-0"]
[BlackTitle "FM"]
[WhiteElo "2053"]
[BlackElo "2272"]
[WhiteFideId "45160805"]
[BlackFideId "603244"]
[EventDate "2020.05.16"]

1. e4 d6 2. d4 Nf6 3. Nc3 Nbd7 4. f4 e5 5. Nf3 exd4 6. Qxd4 c6 7. Bd2 d5 8.
O-O-O Bc5 9. Qd3 O-O 10. exd5 Ng4 11. Ne4 f5 12. Nxc5 Nxc5 13. Qc4 Qxd5 14. Qc3
Be6 15. Be3 Qxa2 16. Bxc5 Rfd8 17. Bd3 b6 18. Rhe1 bxc5 19. Rxe6 Nf2 20. Rde1
Ne4 21. R6xe4 fxe4 22. Qc4+ Qxc4 23. Bxc4+ Kf8 24. Ng5 Rd6 25. Rxe4 g6 26. Nxh7+
Kg7 27. Re7+ Kh6 28. Ng5 Kh5 29. Be2+ Kh4 30. Rh7# 1-0

[Event "ch-FRA Blitz Online Qual"]
[Site "Europe-Chess INT"]
[Date "2020.05.16"]
[Round "11"]
[White "Louistisserand, Patrick"]
[Black "Richard, Emma"]
[Result "1-0"]
[WhiteTitle "FM"]
[BlackTitle "WFM"]
[WhiteElo "2245"]
[BlackElo "2160"]
[WhiteFideId "635049"]
[BlackFideId "657590"]
[EventDate "2020.05.16"]

1. d4 Nf6 2. c4 e6 3. Nc3 c5 4. d5 exd5 5. cxd5 d6 6. e4 g6 7. f3 Bg7 8. Nge2
O-O 9. Ng3 a6 10. a4 Ne8 11. Be2 Nd7 12. O-O Rb8 13. Be3 b6 14. Qd2 Nc7 15. Rfb1
b5 16. axb5 axb5 17. b4 cxb4 18. Rxb4 Nc5 19. Rab1 N5a6 20. R4b3 b4 21. Na2 h5
22. Nxb4 Nxb4 23. Rxb4 Rxb4 24. Rxb4 h4 25. Nf1 h3 26. g3 Bd7 27. Bf4 Ne8 28.
Rb1 Qa8 29. Ne3 Qa7 30. Kh1 Be5 31. Bxe5 dxe5 32. Bf1 Nd6 33. Nd1 Qa4 34. Nf2
Qd4 35. Qxd4 exd4 36. Bxh3 Bxh3 37. Nxh3 Rc8 38. Rd1 Rc3 39. Rxd4 Rxf3 40. e5
Nf5 41. Rd1 Ra3 42. d6 Ra8 43. Nf4 Rd8 44. Rd3 g5 45. Nh5 Kf8 46. Nf6 Ng7 47.
Nh7+ Ke8 48. Nxg5 Ne6 49. Nxe6 fxe6 50. Rf3 Kd7 51. Rf7+ Kc6 52. Rg7 Kd5 53. Rg5
Rf8 54. Kg2 Rh8 55. h4 Ra8 56. h5 Rh8 57. Kh3 Ra8 58. h6 Ke4 59. h7 Rh8 60. Rh5
Kd5 61. d7 1-0

[Event "ch-FRA Blitz Online Qual"]
[Site "Europe-Chess INT"]
[Date "2020.05.16"]
[Round "11"]
[White "Lamaze, Simon"]
[Black "Boyer, Mahel"]
[Result "1-0"]
[WhiteTitle "CM"]
[BlackTitle "FM"]
[WhiteElo "2185"]
[BlackElo "2294"]
[WhiteFideId "36069264"]
[BlackFideId "45102422"]
[EventDate "2020.05.16"]

1. d4 Nf6 2. Nf3 c5 3. d5 g6 4. g3 Bg7 5. Bg2 O-O 6. O-O e6 7. c4 exd5 8. cxd5
d6 9. Nc3 Re8 10. a4 Na6 11. Re1 Nb4 12. e4 Bg4 13. h3 Bxf3 14. Bxf3 Nd7 15. Be2
f5 16. exf5 gxf5 17. Bb5 a6 18. Rxe8+ Qxe8 19. Bxd7 Qxd7 20. Bf4 Re8 21. Qf3 Nc2
22. Rc1 Nd4 23. Qd3 b5 24. axb5 axb5 25. Kg2 b4 26. Nd1 Re4 27. Ne3 h5 28. Ra1
h4 29. Ra8+ Kh7 30. Qa6 Nb5 31. Qc6 Qxc6 32. dxc6 hxg3 33. fxg3 Bxb2 34. Rb8 Nc7
35. Rb7 Re7 36. Nxf5 Re2+ 37. Kf3 Re8 38. Rxc7+ Kg6 39. Nxd6 Rf8 40. Rd7 Be5 41.
c7 Bxd6 42. Rxd6+ Kf5 43. Rd8 Rf6 44. c8=Q+ Re6 45. Rf8+ Kg6 46. Qxe6+ Kg7 47.
Rg8+ 1-0

[Event "ch-FRA Blitz Online Qual"]
[Site "Europe-Chess INT"]
[Date "2020.05.16"]
[Round "11"]
[White "Martinez Martinez, Mateo"]
[Black "Saya, Ethan"]
[Result "0-1"]
[WhiteElo "1917"]
[BlackElo "2199"]
[WhiteFideId "36055140"]
[BlackFideId "26095181"]
[EventDate "2020.05.16"]

1. d4 Nf6 2. c4 g6 3. Nc3 Bg7 4. e4 d6 5. Nf3 O-O 6. Be2 e5 7. d5 Nfd7 8. O-O a5
9. Bg5 f6 10. Be3 Na6 11. Rb1 h6 12. Qd2 Kh7 13. Ne1 Ndc5 14. Nc2 Bd7 15. b3 f5
16. exf5 gxf5 17. f4 e4 18. Nd4 Qf6 19. a3 a4 20. b4 Nb3 21. Nxb3 Qxc3 22. Qxc3
Bxc3 23. Nd4 Rg8 24. Rfc1 Bxd4 25. Bxd4 b6 26. Kf2 Rg6 27. Bh5 Rgg8 28. g3 Be8
29. Be2 h5 30. Rg1 Bf7 31. h3 Nb8 32. Rg2 Nd7 33. g4 b5 34. gxf5 Rxg2+ 35. Kxg2
Rg8+ 36. Kf2 bxc4 37. Bxc4 h4 38. Rg1 e3+ 39. Bxe3 Rxg1 40. Kxg1 Nf6 41. Bf2
Bxd5 42. Bb5 Bb3 43. Bxh4 Nd5 44. Bd8 Kg7 45. Kf2 c5 46. bxc5 dxc5 47. f6+ Kf7
48. Kf3 c4 49. Ke4 Nc3+ 50. Kd4 Nxb5+ 51. Ke3 c3 52. Kd3 c2 53. Kd2 Nd4 54. h4
Ne2 55. Kxe2 c1=Q 56. h5 0-1

[Event "ch-FRA Blitz Online Qual"]
[Site "Europe-Chess INT"]
[Date "2020.05.16"]
[Round "11"]
[White "Fischler, Oscar"]
[Black "Eden, James"]
[Result "0-1"]
[BlackTitle "IM"]
[WhiteElo "1864"]
[BlackElo "2330"]
[WhiteFideId "45190186"]
[BlackFideId "666491"]
[EventDate "2020.05.16"]

1. Nf3 d5 2. d4 Nf6 3. g3 Bg4 4. Ne5 Bf5 5. Bg2 Nbd7 6. O-O e6 7. Nd2 Nxe5 8.
dxe5 Nd7 9. Nf3 Be7 10. h4 O-O 11. c3 c5 12. Bf4 Be4 13. Qd2 f6 14. exf6 Bxf6
15. Ng5 Bxg2 16. Nxe6 Qe7 17. Nxf8 Be4 18. Nxd7 Qxd7 19. f3 Bf5 20. Rad1 Be6 21.
e4 d4 22. e5 Be7 23. cxd4 cxd4 24. Kg2 Rd8 25. b3 d3 26. Bg5 Bh3+ 27. Kf2 Bc5+
28. Be3 Bxf1 29. Kxf1 Qh3+ 30. Kf2 Qh2+ 31. Kf1 Qh3+ 32. Kf2 Bxe3+ 33. Qxe3 Qh2+
34. Kf1 Qh1+ 35. Kf2 Qxd1 36. Qg5 Qe2+ 37. Kg1 Rc8 38. Qf4 d2 39. Qxd2 Qxd2 0-1

[Event "ch-FRA Blitz Online Qual"]
[Site "Europe-Chess INT"]
[Date "2020.05.16"]
[Round "11"]
[White "Lissillour, Baptiste"]
[Black "Barbaras, Mathieu"]
[Result "0-1"]
[WhiteElo "1731"]
[BlackElo "2200"]
[WhiteFideId "45179620"]
[BlackFideId "20622910"]
[EventDate "2020.05.16"]

1. d4 Nf6 2. Nf3 e6 3. c4 b6 4. g3 Ba6 5. b3 Bb4+ 6. Bd2 Be7 7. Bg2 c6 8. O-O d5
9. Ne5 Nfd7 10. cxd5 cxd5 11. Nxd7 Nxd7 12. Nc3 O-O 13. Re1 Rc8 14. e4 dxe4 15.
Bxe4 Nf6 16. Bg2 Qxd4 17. Rc1 Ba3 18. Rc2 Rfd8 19. Qf3 Qd3 20. Qxd3 Bxd3 21.
Rcc1 Bxc1 22. Rxc1 Nd5 23. Nxd5 Rxc1+ 24. Bxc1 exd5 25. Bg5 f6 26. Bf4 Be4 27.
Bh3 Kf7 28. Kf1 g5 29. Bd2 h5 30. Ke2 g4 31. Bf1 Bf3+ 32. Ke3 d4+ 33. Kf4 d3 34.
Ke3 Be2 35. Bxe2 dxe2 36. Kxe2 Ke6 37. Bc3 Rd5 38. Ke3 Kf5 39. a3 Rd1 40. Bd4
Rb1 41. b4 Rb3+ 42. Kd2 Rxa3 43. Bc3 Ra2+ 44. Ke3 Rc2 45. Bd4 Rc4 46. b5 Rb4 0-1

[Event "ch-FRA Blitz Online Qual"]
[Site "Europe-Chess INT"]
[Date "2020.05.16"]
[Round "11"]
[White "Mallassagne, Francois-Eric"]
[Black "Ciccoli, Theo"]
[Result "0-1"]
[WhiteElo "2163"]
[BlackElo "2178"]
[WhiteFideId "620025"]
[BlackFideId "26053780"]
[EventDate "2020.05.16"]

1. d4 Nf6 2. Nf3 g6 3. Bg5 Bg7 4. Nbd2 O-O 5. e4 d6 6. Bd3 Nbd7 7. O-O c6 8. c3
Qc7 9. h3 e5 10. dxe5 dxe5 11. Bc4 Nc5 12. Qe2 h6 13. Bh4 b5 14. Bb3 a5 15. Bc2
Be6 16. Rfd1 Rad8 17. Qe3 Ncd7 18. Nb3 a4 19. Nc5 Nxc5 20. Qxc5 Rxd1+ 21. Rxd1
Nd7 22. Qe7 g5 23. Bg3 Rc8 24. Qd6 Qxd6 25. Rxd6 Bf8 26. Rd1 f6 27. a3 Kf7 28.
Kf1 Nb6 29. Nd2 Rd8 30. Ke1 Bc5 31. f3 Ke7 32. Bf2 Bxf2+ 33. Kxf2 Ba2 34. Nf1
Nc4 35. Ne3 Nxb2 36. Nf5+ Ke8 37. Rxd8+ Kxd8 38. Nxh6 Nc4 39. Ng8 Nxa3 40. Nxf6
Nxc2 41. Nh7 a3 42. Nxg5 Bg8 43. h4 a2 44. h5 a1=Q 45. h6 Qe1# 0-1

[Event "ch-FRA Blitz Online Qual"]
[Site "Europe-Chess INT"]
[Date "2020.05.16"]
[Round "11"]
[White "Gordon, James"]
[Black "Hutois, Mickael"]
[Result "0-1"]
[BlackTitle "FM"]
[WhiteElo "1775"]
[BlackElo "2261"]
[WhiteFideId "45186154"]
[BlackFideId "652091"]
[EventDate "2020.05.16"]

1. d4 Nf6 2. Nf3 e6 3. e3 b6 4. Bd3 Bb7 5. Nbd2 d6 6. b3 Nbd7 7. Bb2 Be7 8. c4
O-O 9. O-O c5 10. Rc1 Qc7 11. Qe2 Rad8 12. Rfd1 Rfe8 13. h3 Bf8 14. e4 cxd4 15.
Nxd4 a6 16. a3 e5 17. Nf5 g6 18. Ng3 Nc5 19. Bb1 Bh6 20. b4 Bxd2 21. Rxd2 Nb3
22. Rcd1 Nxd2 23. Rxd2 Rc8 24. Ba2 Qc6 25. f3 Red8 26. Bc1 Nd7 27. h4 Nf8 28. h5
Ne6 29. hxg6 hxg6 30. Nf1 Kg7 31. Qf2 Rh8 32. Qg3 a5 33. Ne3 Kf8 34. Nd5 b5 35.
Rc2 Nd4 36. Qg5 Nxc2 37. Qe7+ Kg7 38. Qf6+ Kf8 39. Qe7+ Kg8 40. Nf6+ Kg7 41. Nd5
bxc4 42. Qf6+ Kf8 43. Qe7+ Kg8 44. Nf6+ Kg7 0-1

[Event "ch-FRA Blitz Online Qual"]
[Site "Europe-Chess INT"]
[Date "2020.05.16"]
[Round "11"]
[White "Zachary, Matheo"]
[Black "Weisman, Nathan"]
[Result "0-1"]
[WhiteTitle "FM"]
[WhiteElo "2334"]
[BlackElo "2186"]
[WhiteFideId "26024691"]
[BlackFideId "36060895"]
[EventDate "2020.05.16"]

1. e4 c5 2. Nf3 e6 3. d4 cxd4 4. Nxd4 Nf6 5. Nc3 d6 6. Be2 Be7 7. O-O O-O 8. Be3
Nc6 9. Kh1 e5 10. Nb3 Be6 11. Bf3 a5 12. Nd5 a4 13. Nd2 Bxd5 14. exd5 Nd4 15. c3
Nf5 16. Qe2 Nxe3 17. Qxe3 Qd7 18. g3 Rfe8 19. Bg2 Ng4 20. Qe2 f5 21. Rae1 e4 22.
Nc4 Qc7 23. f4 exf3 24. Bxf3 Bf8 25. Bxg4 Rxe2 26. Bxe2 g6 27. Bd3 Qc5 28. Ne3
Re8 29. Rf3 Bh6 30. Ng2 Rxe1+ 31. Nxe1 Qxd5 32. Kg2 b5 33. Nc2 Qxa2 34. Bxb5
Qxb2 35. Bc4+ Kg7 36. Rf2 Qxc3 37. Ba2 a3 38. Re2 Qb2 39. Re7+ Kf6 40. Rf7+ Kg5
41. h4+ Kh5 0-1

[Event "ch-FRA Blitz Online Qual"]
[Site "Europe-Chess INT"]
[Date "2020.05.16"]
[Round "11"]
[White "Daeschler, Florian"]
[Black "Hasseine, Madiane"]
[Result "1-0"]
[WhiteTitle "FM"]
[WhiteElo "2322"]
[BlackElo "2157"]
[WhiteFideId "20678193"]
[BlackFideId "45180482"]
[EventDate "2020.05.16"]

1. d4 d5 2. c4 c6 3. Nf3 Nf6 4. e3 e6 5. b3 Bd6 6. Bb2 O-O 7. Bd3 Nbd7 8. Nc3
Qe7 9. O-O e5 10. dxe5 Nxe5 11. Nxe5 Qxe5 12. g3 Bh3 13. Re1 Bg4 14. f3 Bh3 15.
cxd5 cxd5 16. Qd2 Qh5 17. Qf2 Rfe8 18. Nb5 Bb8 19. Nd4 Be5 20. Rac1 a6 21. a3
Bd7 22. b4 Qh3 23. Bf1 Qh6 24. Rc2 g6 25. Bg2 Qf8 26. Ba1 h5 27. Qd2 h4 28. f4
Bb8 29. Qc3 Rc8 30. Qb2 Rxc2 31. Nxc2 hxg3 32. hxg3 Qh6 33. Qxf6 Bc7 34. Bxd5
Be8 35. Re2 Bd8 36. Qe5 Bd7 37. Rh2 Bh3 38. Rxh3 Qxh3 39. Qg7# 1-0

[Event "ch-FRA Blitz Online Qual"]
[Site "Europe-Chess INT"]
[Date "2020.05.16"]
[Round "11"]
[White "Sahetchian, Armand"]
[Black "Geronimi, Jean-Thomas"]
[Result "1-0"]
[WhiteElo "2117"]
[BlackElo "1827"]
[WhiteFideId "607150"]
[BlackFideId "36098515"]
[EventDate "2020.05.16"]

1. d4 Nf6 2. Nf3 e6 3. c4 d5 4. Nc3 Bb4 5. Qb3 Bxc3+ 6. Qxc3 Ne4 7. Qc2 O-O 8.
Bf4 Nc6 9. e3 Nb4 10. Qb1 c5 11. a3 Nc6 12. cxd5 Qa5+ 13. b4 cxb4 14. Qxe4 b3+
15. Nd2 b2 16. Rb1 Qc3 17. dxc6 Qc1+ 18. Ke2 bxc6 19. g4 Ba6+ 20. Kf3 Bxf1 21.
Nxf1 f5 22. Qxe6+ Kh8 23. Ng3 fxg4+ 24. Qxg4 Qc2 25. Kg2 Rab8 26. Qe2 Qc3 27.
Be5 Qxa3 28. Bxb8 Rxb8 29. Ne4 Qb3 30. Nc5 Qd5+ 31. Qf3 Qg5+ 32. Qg3 Qd8 33.
Rhg1 g6 34. Kh1 Qe8 35. Qe5+ Qxe5 36. dxe5 Rb5 37. Nd3 Rd5 38. Rgd1 c5 39. Rxb2
c4 40. Rbd2 cxd3 41. Rxd3 Rxe5 42. Rd8+ Kg7 43. R8d7+ Kh6 44. Rxa7 Kg5 45. f4+
Kg4 46. fxe5 Kf3 47. Rxh7 g5 48. e6 g4 49. Rf1+ Ke2 50. e7 g3 51. hxg3 Kxf1 52.
e8=Q Ke2 53. e4 Kf1 54. e5 Kf2 55. e6 Kf1 56. Qf7+ Ke1 57. e7 Kd2 58. e8=Q Kd3
59. Qfd7+ Kc3 60. Qec8+ Kb4 61. Qdb7+ Ka5 62. Qca8# 1-0

[Event "ch-FRA Blitz Online Qual"]
[Site "Europe-Chess INT"]
[Date "2020.05.16"]
[Round "11"]
[White "Labelle, Ambroise"]
[Black "Materia, Marco"]
[Result "0-1"]
[BlackTitle "FM"]
[WhiteElo "1952"]
[BlackElo "2269"]
[WhiteFideId "26092050"]
[BlackFideId "45150451"]
[EventDate "2020.05.16"]

1. e4 c5 2. Nf3 e6 3. c4 Nc6 4. Nc3 Nf6 5. Be2 Be7 6. O-O O-O 7. d4 cxd4 8. Nxd4
a6 9. Be3 Qc7 10. Rc1 d6 11. f3 Bd7 12. Nd5 exd5 13. cxd5 Rfc8 14. dxc6 bxc6 15.
Qd2 c5 16. Nb3 Qb6 17. Na5 Bb5 18. Nc4 Qc7 19. Rfd1 Rd8 20. Bf4 Qc6 21. Nxd6
Bxe2 22. Qxe2 Bxd6 23. e5 Bc7 24. Bd2 Nd5 25. b3 Re8 26. f4 f6 27. Qc4 Rad8 28.
exf6 Qxf6 29. g3 Qd4+ 30. Qxd4 cxd4 31. Kf2 Bb6 32. Kf3 Ne3 33. Re1 Rd6 34. a4
Rde6 35. a5 Bd8 36. h4 h5 37. Rc8 Bf6 38. b4 Rxc8 0-1

[Event "ch-FRA Blitz Online Qual"]
[Site "Europe-Chess INT"]
[Date "2020.05.16"]
[Round "11"]
[White "Joly, Julien"]
[Black "Hejazipour, Mitra"]
[Result "0-1"]
[BlackTitle "WGM"]
[WhiteElo "2188"]
[BlackElo "2300"]
[WhiteFideId "26082284"]
[BlackFideId "12505951"]
[EventDate "2020.05.16"]

1. e4 c5 2. Nf3 e6 3. g3 d5 4. exd5 exd5 5. d4 Nf6 6. Bg2 Nc6 7. O-O Be7 8. Be3
c4 9. Nc3 O-O 10. Ne5 Bf5 11. Bg5 Nb4 12. Rc1 Be6 13. a3 Nc6 14. Ne2 Nxe5 15.
dxe5 Ng4 16. Bxe7 Qxe7 17. Qd4 Nh6 18. c3 Nf5 19. Qd2 Rad8 20. Nd4 Qc7 21. f4
Qb6 22. Rc2 Nxd4 23. Qxd4 Qxd4+ 24. cxd4 Bf5 25. Rc3 b5 26. h3 h5 27. Re1 a5 28.
Bf3 b4 29. Rcc1 bxa3 30. bxa3 Bxh3 31. Bxh5 Bf5 32. Bf3 Bd3 33. Kf2 Rfe8 34. Be2
Be4 35. Bf3 Bxf3 36. Kxf3 Rb8 37. Rb1 Rec8 38. Rec1 a4 39. Ke3 Rb3+ 40. Rxb3
axb3 41. Kd2 b2 42. Rb1 c3+ 43. Kc2 Kf8 44. a4 Ke7 45. Re1 Rc4 46. Re3 Kd7 47.
Re1 Rxa4 0-1

[Event "ch-FRA Blitz Online Qual"]
[Site "Europe-Chess INT"]
[Date "2020.05.16"]
[Round "11"]
[White "Razafindratsima, Timothe"]
[Black "Blachon, Pascal"]
[Result "1/2-1/2"]
[WhiteTitle "FM"]
[WhiteElo "2336"]
[BlackElo "1955"]
[WhiteFideId "36069884"]
[BlackFideId "636320"]
[EventDate "2020.05.16"]

1. e4 d5 2. exd5 c6 3. dxc6 Nxc6 4. Nf3 e5 5. Bb5 Bd6 6. O-O Ne7 7. d4 exd4 8.
Nxd4 O-O 9. Nxc6 bxc6 10. Bd3 Ng6 11. Nc3 Rb8 12. Ne4 Be5 13. Rb1 Nf4 14. Bxf4
Bxf4 15. Qf3 Be5 16. c3 Qa5 17. Qh5 g6 18. Qh4 Qd8 19. Qxd8 Rxd8 20. Bc2 Be6 21.
b3 Bf5 22. c4 Rd4 23. f3 Rbd8 24. Rbd1 Bxe4 25. fxe4 Rxd1 26. Rxd1 Rxd1+ 27.
Bxd1 c5 28. Kf2 f6 29. g3 h6 30. Bg4 Kf7 31. Ke2 Ke7 32. Kd3 Kd6 33. Bc8 Bd4 34.
h3 Bf2 35. g4 Bd4 36. b4 Be5 37. b5 Ke7 38. Kc2 Bc7 39. Kd3 Kd6 40. h4 Ke5 41.
Bd7 Kf4 42. a4 Kg3 43. h5 gxh5 44. gxh5 Kf4 45. Be8 Bb6 46. Bg6 Bc7 47. Kc3 Ba5+
48. Kd3 Bc7 49. Bf5 Ba5 50. Bd7 Bc7 51. Be8 Ba5 52. Bg6 Bc7 1/2-1/2

[Event "ch-FRA Blitz Online Qual"]
[Site "Europe-Chess INT"]
[Date "2020.05.16"]
[Round "11"]
[White "Navrotescu, Andreea-Cristiana"]
[Black "Haberthur, Maxime"]
[Result "1-0"]
[WhiteTitle "WIM"]
[WhiteElo "2284"]
[BlackElo "1941"]
[WhiteFideId "675946"]
[BlackFideId "36097551"]
[EventDate "2020.05.16"]

1. d4 d5 2. c4 c6 3. Nf3 Nf6 4. Qc2 a6 5. g3 Bg4 6. Ne5 Bh5 7. Bg2 e6 8. O-O Be7
9. b3 Nbd7 10. Bb2 O-O 11. Re1 Nxe5 12. dxe5 Nd7 13. Nd2 Bg6 14. Qc3 b5 15. cxd5
cxd5 16. e4 Rc8 17. Qe3 Nb6 18. Bd4 Nd7 19. exd5 exd5 20. e6 Nf6 21. exf7+ Rxf7
22. Bh3 Ne4 23. Nxe4 Bxe4 24. Be6 Qf8 25. Qf4 Bd6 26. Bxf7+ Kh8 27. Qg4 Rc2 28.
Bxd5 Bxd5 29. Re8 1-0

[Event "ch-FRA Blitz Online Qual"]
[Site "Europe-Chess INT"]
[Date "2020.05.16"]
[Round "11"]
[White "Durand-Le Ludec, Brendan-Budok"]
[Black "Gherghinoiu, Lucas"]
[Result "0-1"]
[WhiteElo "2205"]
[BlackElo "2089"]
[WhiteFideId "26064340"]
[BlackFideId "36051462"]
[EventDate "2020.05.16"]

1. e4 g6 2. d4 Bg7 3. Nc3 b6 4. Be3 Bb7 5. f3 e6 6. Qd2 Ne7 7. O-O-O d6 8. h4 h5
9. Nh3 Nd7 10. Ng5 a6 11. Be2 b5 12. g4 Nb6 13. a3 Qd7 14. gxh5 gxh5 15. Rhg1
Bh6 16. f4 Bxg5 17. fxg5 O-O-O 18. Rdf1 Ng6 19. Qe1 Kb8 20. Rf6 d5 21. e5 Nc4
22. Bxc4 dxc4 23. Qf2 Rhf8 24. Rf1 Nh8 25. Qe2 a5 26. Qxh5 b4 27. axb4 axb4 28.
Ne2 Qa4 29. Kb1 Be4 30. Rc1 Kb7 31. Qg4 Ra8 32. Qxe4+ c6 33. Nc3 Qa1# 0-1

[Event "ch-FRA Blitz Online Qual"]
[Site "Europe-Chess INT"]
[Date "2020.05.16"]
[Round "11"]
[White "Baudouin, Simon"]
[Black "Coutton, Sylvain"]
[Result "0-1"]
[WhiteElo "1926"]
[BlackElo "2185"]
[WhiteFideId "36051284"]
[BlackFideId "610194"]
[EventDate "2020.05.16"]

1. c4 c6 2. g3 Nf6 3. Nf3 d5 4. Bg2 e6 5. O-O Nbd7 6. d4 Bd6 7. Nbd2 O-O 8. Qc2
b6 9. e4 dxe4 10. Nxe4 Nxe4 11. Qxe4 Bb7 12. Rd1 Nf6 13. Qe2 Qc7 14. Bg5 Nd7 15.
Rac1 Rfe8 16. Be3 c5 17. dxc5 Bxc5 18. Bxc5 bxc5 19. a3 a5 20. b3 Rad8 21. Rd3
Nf6 22. Rcd1 Be4 23. Rxd8 Rxd8 24. Ng5 Bxg2 25. Kxg2 h6 26. Nf3 Rd6 27. Rxd6
Qxd6 28. Qd2 Qxd2 29. Nxd2 Kf8 30. Kf3 Ke7 31. Ke3 Kd6 32. f4 Ng4+ 33. Ke4 f5+
34. Kd3 Nxh2 35. Nf3 Ng4 36. Kc3 Nf2 37. b4 cxb4+ 38. axb4 axb4+ 39. Kxb4 Ne4
40. c5+ Kc7 41. Nd4 Nxg3 42. Nxe6+ Kc6 43. Nxg7 h5 44. Ne6 h4 45. Nd4+ Kb7 46.
c6+ Kc7 47. Kc5 h3 48. Ne6+ Kc8 49. Ng7 h2 50. Ne8 Ne4+ 51. Kb6 h1=Q 52. c7 Qb1+
53. Kc6 Qc2+ 54. Kb6 Qb3+ 55. Kc6 Qa4+ 56. Kb6 Qxe8 0-1

[Event "ch-FRA Blitz Online Qual"]
[Site "Europe-Chess INT"]
[Date "2020.05.16"]
[Round "11"]
[White "Koelsch, Gilbert"]
[Black "Delin, Valere"]
[Result "0-1"]
[WhiteTitle "CM"]
[WhiteElo "2159"]
[BlackElo "2043"]
[WhiteFideId "612243"]
[BlackFideId "45107254"]
[EventDate "2020.05.16"]

1. e4 c5 2. Nc3 g6 3. f4 Bg7 4. Nf3 e6 5. Bc4 Ne7 6. f5 exf5 7. d3 fxe4 8. dxe4
O-O 9. O-O Nbc6 10. Qe1 Nd4 11. Bg5 Qe8 12. Qh4 Nxf3+ 13. Rxf3 Nc6 14. Nd5 Qe5
15. Bf6 Qd6 16. e5 Nxe5 17. Rh3 h5 18. Ne7+ Kh7 19. Bxg7 Kxg7 20. Be2 Qf6 21.
Qxf6+ Kxf6 22. Nd5+ Kg7 23. Nc7 Rb8 24. Rd1 b6 25. Re3 Nc6 26. Nb5 Ba6 27. Nd6
Bxe2 28. Rxe2 Nd4 29. Re7 Kf6 30. Rxd7 Rfd8 31. Ne4+ Ke6 32. Rxd8 Rxd8 33. Kf2
Kf5 34. Ng3+ Ke5 35. c3 Ne6 36. Re1+ Kf6 37. Re2 Nf4 38. Rc2 Nd3+ 39. Ke2 Ne5
40. h3 h4 41. Ne4+ Kf5 42. Nf2 Kf4 43. b3 Kg3 44. Kf1 Kf4 45. Ke2 f5 46. Nd1 Kg3
47. Nf2 g5 48. Nd1 Nc6 49. Ne3 Re8 50. Kd2 f4 51. Nd5 Kxg2 52. Kd3+ Kxh3 53. Nf6
Rd8+ 54. Kc4 Ne5+ 55. Kb5 f3 56. Rc1 f2 57. Rf1 Kg2 58. Rxf2+ Kxf2 59. Ne4+ Kg2
60. Nxg5 h3 61. Nxh3 Kxh3 62. a4 Kg4 63. c4 Kf4 64. a5 bxa5 65. Kxa5 Ke4 66. Kb5
Kd4 0-1

[Event "ch-FRA Blitz Online Qual"]
[Site "Europe-Chess INT"]
[Date "2020.05.16"]
[Round "11"]
[White "Robert, Yoann"]
[Black "Daurelle, Herve"]
[Result "0-1"]
[BlackTitle "FM"]
[WhiteElo "2071"]
[BlackElo "2205"]
[WhiteFideId "36018805"]
[BlackFideId "602655"]
[EventDate "2020.05.16"]

1. d4 Nf6 2. Nf3 e6 3. c4 c5 4. d5 exd5 5. cxd5 d6 6. Nc3 g6 7. Bf4 a6 8. a4 Bg7
9. e3 O-O 10. h3 Re8 11. Be2 Ne4 12. Qc1 Qa5 13. O-O Nxc3 14. bxc3 Bxc3 15. Bxd6
Bxa1 16. Qxa1 Nd7 17. Bf4 b5 18. Bh6 f6 19. axb5 Qxa1 20. Rxa1 a5 21. d6 Bb7 22.
Bc4+ Kh8 23. Bf7 Re4 24. Nd2 Rb4 25. Be6 Bc8 26. Bd5 Ra7 27. Bc6 c4 28. Rc1 a4
29. Nxc4 a3 30. Bd5 a2 31. Na3 Nb6 32. Bxa2 Rxa3 33. Rc7 Rxa2 34. Re7 Bd7 35.
Rf7 Ra8 0-1

[Event "ch-FRA Blitz Online Qual"]
[Site "Europe-Chess INT"]
[Date "2020.05.16"]
[Round "11"]
[White "Sumarriva Paulin, Laura"]
[Black "Defromont, Benjamin"]
[Result "0-1"]
[WhiteTitle "WFM"]
[BlackTitle "FM"]
[WhiteElo "2023"]
[BlackElo "2236"]
[WhiteFideId "45102635"]
[BlackFideId "36068829"]
[EventDate "2020.05.16"]

1. d4 Nf6 2. c4 e6 3. Nc3 Bb4 4. e3 b6 5. Ne2 c5 6. a3 Ba5 7. Qc2 Bb7 8. Nf4 Ne4
9. Be2 Nxc3 10. bxc3 g5 11. Nh5 Bxg2 12. Rg1 Bb7 13. e4 cxd4 14. Bxg5 Bxc3+ 15.
Kd1 Qc7 16. Nf6+ Kf8 17. Rc1 h6 18. Bh4 Qxh2 0-1

[Event "ch-FRA Blitz Online Qual"]
[Site "Europe-Chess INT"]
[Date "2020.05.16"]
[Round "11"]
[White "Bressy, Theo"]
[Black "Evrin, Selvam"]
[Result "1-0"]
[WhiteTitle "FM"]
[WhiteElo "2289"]
[BlackElo "1882"]
[WhiteFideId "26022842"]
[BlackFideId "36094404"]
[EventDate "2020.05.16"]

1. e4 c5 2. a3 Nc6 3. b4 cxb4 4. axb4 d5 5. b5 Nb8 6. exd5 Qxd5 7. Nc3 Qd8 8.
Nf3 Nf6 9. Bc4 e6 10. O-O Be7 11. Ba3 O-O 12. Qe2 b6 13. d4 Bb7 14. d5 Bxa3 15.
dxe6 Bc5 16. exf7+ Kh8 17. Rad1 Qc7 18. Ng5 Nbd7 19. Ne6 Qc8 20. Nxf8 Qxf8 21.
Be6 Rd8 22. Rd3 Bb4 23. Na2 Bd6 24. Bxd7 1-0

[Event "ch-FRA Blitz Online Qual"]
[Site "Europe-Chess INT"]
[Date "2020.05.16"]
[Round "11"]
[White "Macqueron, Gregory"]
[Black "Alloui-Cros, Baptiste"]
[Result "1-0"]
[WhiteElo "1927"]
[BlackElo "2139"]
[WhiteFideId "551004240"]
[BlackFideId "20699824"]
[EventDate "2020.05.16"]

1. e4 Nf6 2. e5 Nd5 3. c4 Nb6 4. d4 d6 5. exd6 cxd6 6. Nc3 g6 7. Be3 Bg7 8. Rc1
O-O 9. b3 Bf5 10. Nge2 e5 11. d5 Na6 12. Ng3 Bd7 13. Bd3 f5 14. f4 exf4 15. Bxf4
Re8+ 16. Nce2 Qh4 17. O-O Be5 18. Qd2 Nc5 19. Bg5 Bd4+ 20. Kh1 Qg4 21. h3 Rxe2
22. Nxe2 Qh5 23. Nxd4 f4 24. Qxf4 Bxh3 25. Qf7+ Kh8 26. Bf6# 1-0